Estatísticas para Top 4 Colocados da Copa Pan-Americana de Voleibol Masculino

Clique aqui para jogar o quiz

Estatísticas Gerais

  • Esse quiz foi jogado 75 vezes
  • A pontuação média é 9 de 10

Estatísticas das Respostas

Winner% Correto
Brasil
100%
Argentina
98%
Canadá
97%
Estados Unidos
97%
Cuba
95%
México
95%
Chile
91%
Venezuela
83%
República Dominicana
77%
Porto Rico
71%

Distribuição das Pontuações

Percentil de Números Respondidos

Porcentagem de Pessoas com Cada Pontuação

Sua Pontuação Histórica

Você não jogou esse quiz